000 00322 a2200145 4500
001 45607
020 _a8575180215
040 _cAnchieta - Aquarius
240 1 0 _aNova enciclopédia Barsa
_lpor
245 1 0 _aNova enciclopédia Barsa
300 _a
362 0 _a2002
650 4 _aEspanholas e portuguesas
942 _cBK
999 _c45607
_d45607